Ethical Criteria in Budiness Decisions and Role of Conscience
Guardado en:
| Autor principal: | |
|---|---|
| Formato: | Capítulo de libro |
| Lenguaje: | inglés |
| Materias: | |
| Etiquetas: |
Sin Etiquetas, Sea el primero en etiquetar este registro!
|
MARC
| LEADER | 00000nla a2200000 4500 | ||
|---|---|---|---|
| 001 | 0183710 | ||
| 005 | 20240502083432.1 | ||
| 041 | 0 | |a eng | |
| 044 | |a CH | ||
| 245 | 1 | 0 | |a Ethical Criteria in Budiness Decisions and Role of Conscience |c Jana Hvoždarová |
| 500 | |a Abstrakt | ||
| 610 | 2 | 0 | |a podnikanie zodpovedné |
| 610 | 2 | 0 | |a stratégia podnikateľská |
| 610 | 2 | 0 | |a zodpovednosť podniku spoločenská |
| 610 | 2 | 0 | |a etika podnikateľská |
| 610 | 2 | 0 | |a morálka |
| 100 | 1 | |a Hvoždarová, Jana | |